000
00275nam a22001217a 4500
008
170425b xxu||||| |||| 00| 0 eng d
041
_a
eng
080
_a
547
100
_a
12
101
_a
SHM
245
_a
PRINCIPLES ORGANIC CHEMISTRY
_c
CASSSIDY.H.G
942
_2
udc
_c
BK
999
_c
11883
_d
11883